000 004640000a22001930004500
003 LK-CoMWRAF
005 20230829000630.0
008 230817t1978 ||||| |||| 00| 0 eng d
020 _a058410667X
040 _aLK-CoMWRAF
_dLK-CoMWRAF
_eLK-CoMWRAF
041 _aeng
082 _a821.9
_bSTR
100 _aStrong, Patience
245 _aTreasured Memories
260 _aLondon
_bFrederick Muller Ltd
_c1978
300 _a33p
650 _aPoetry
942 _cBK
999 _c2074
_d2074